00366nam a2200121Ia 450000500170000000800410001708200130005810000170007124500150008826000370010330000130014050000910015320250430033836.0240331s9999 xx 000 0 und d bRAHa891 aRahubadda, S 0aSura asura aColombobKosala Publishersc1986 a192 p ., aThis book id dedicated to the people who were burned in the flames of a civil struggle